000 00783 a2200217 4500
005 20190801111321.0
008 190801s2011 ck ||||| |||| 00| 0 spa d
020 _a9789588375403
020 _a9789588375359
040 _aCO-BoUCM
_bspa
_cSaul Niño
_dSaul Niño
041 0 _aspa
100 1 0 _aCorrea U., Juan David
_997890
245 1 3 _aLa vida esta afuera
_cJuan David Correa U.
260 _aCartagena de Indias (Colombia)
_bEdiciones Pluma de Mompox
_c2011
300 _a126 páginas
490 0 _aVoces del fuego : testigos del Bicentenario
_v19
600 1 0 _aCorrea Ulloa, Juan David
_d1976-
_vEnsayos, conferencias, etc.
_997891
650 7 _921370
_aPeriodistas en la literatura
942 _cLIBRO
_2DEWEY
_a18
_e1
_h920.5
_mC824v
999 _c313789
_d313789